| 000 | 00421nam a2200145Ia 4500 | ||
|---|---|---|---|
| 008 | 220217s9999||||xx |||||||||||||| ||und|| | ||
| 020 | _a81-8128-343-0 | ||
| 082 | _a621.382 BAR | ||
| 100 |
_aBarry, John, R. Lee, Edward, A. and Messerschmitt, David, G _95789 |
||
| 245 | 0 | _aDigital communication | |
| 250 | _a3rd | ||
| 260 |
_aSpringer press _bNew Delhi _c2006 |
||
| 300 | _b395 | ||
| 650 | _aCOMMUNICATION SYSTEM | ||
| 999 |
_c177384 _d177384 |
||